Advances in dietary lipids and human health /

Advances in Dietary Lipids and Human Health systematically summarizes recent research advances in dietary lipids and human health. The book proposes a strategy for the prevention of NCDs and the management of population and personal health through the rational use of dietary fat. It covers the relat...

Full description

Bibliographic Details
Corporate Author: ScienceDirect (Online service)
Other Authors: Li, Duo (Editor)
Format: eBook
Language:English
Published: Amsterdam : Academic Press, 2022.
Subjects:
Online Access:Connect to the full text of this electronic book

MARC

Tag First Indicator Second Indicator Subfields
LEADER 00000cam a22000001i 4500
001 in00005770113
005 20260327172731.5
006 m o d
007 cr |||||||||||
008 220303s2022 ne o 000 0 eng d
040 |a UKMGB  |b eng  |e rda  |e pn  |c UKMGB  |d OCLCF  |d OCLCO  |d OCLCL  |d SFB 
015 |a GBC245855  |2 bnb 
016 7 |a 020519642  |2 Uk 
020 |a 9780128242193  |q (ePub ebook) : 
020 |a 0128242191 
020 |z 9780128239148 (pbk.) 
035 |a (OCoLC)1338680353 
037 |a 9780128242193  |b Ingram Content Group 
050 4 |a QP751  |b .A383 2022 
082 0 4 |a 612.397  |2 23 
049 |a TXAM 
245 0 0 |a Advances in dietary lipids and human health /  |c edited by Duo Li. 
264 1 |a Amsterdam :  |b Academic Press,  |c 2022. 
300 |a 1 online resource 
336 |a text  |b txt  |2 rdacontent 
337 |a computer  |b c  |2 rdamedia 
338 |a online resource  |b cr  |2 rdacarrier 
500 |a 1. Marine lipids and diabetes<br>2. N-3 polyunsaturated fatty acids and Homocysteine metabolism<br>3. Conjugated linolenic acids and their bioactivities in human health<br>4. Lipids and blood pressure<br>5. Ximenynic Acid and its bioactivities<br>6. Lipids and birth defects<br>7. Effect of 1,3-diacylglycerol on cardiometabolic risk<br>8. The metabolites derived from lipids and their effects on human health<br>9. Dietary lipids and breast cancer<br>10. Lipids and non-alcoholic fatty liver disease<br>11. Marine n-3 fatty acids and colon cancer<br>12. Lipids and cancers<br>13. Dietary fat and cardiometabolic health<br>14. Marine lipids and inflammatory diseases<br>15. Palmitoleic acid in health and disease<br>16. Lipids and brain/eyes<br>17. Lipids and nutrigenomics (personalized nutrition)<br>18. Lipids and mental health <br>19. Lipids in Infant formulas 
588 |a Description based on CIP data; resource not viewed. 
520 |a Advances in Dietary Lipids and Human Health systematically summarizes recent research advances in dietary lipids and human health. The book proposes a strategy for the prevention of NCDs and the management of population and personal health through the rational use of dietary fat. It covers the relationship between total lipids, saturated and unsaturated fatty acids and NCDs, and other uncommon fatty acids, such as conjugated fatty acids, middle and short chain fatty acid, furan fatty acids, n-3 docosapentaenoic acid (DPA), and structured fat. 
650 0 |a Lipids in human nutrition. 
650 0 |a Health. 
650 2 |a Health 
650 6 |a Lipides dans l'alimentation humaine. 
650 6 |a Santé. 
650 7 |a health.  |2 aat 
650 7 |a Health  |2 fast 
650 7 |a Lipids in human nutrition  |2 fast 
655 7 |a Electronic books.  |2 local 
700 1 |a Li, Duo,  |e editor. 
710 2 |a ScienceDirect (Online service) 
776 0 8 |i Print version :  |z 9780128239148 
856 4 0 |u http://proxy.library.tamu.edu/login?url=https://www.sciencedirect.com/science/book/9780128239148  |z Connect to the full text of this electronic book  |t 0 
955 |a Elsevier ScienceDirect 2026-2027 
994 |a 92  |b TXA 
999 f f |i ef87c55b-1fd1-4bfd-b4aa-421c828c681d  |s 4dfd6a0e-2a56-4a8f-a739-8e0e0a69b0a1  |t 0 
952 f f |a Texas A&M University  |b College Station  |c Electronic Resources  |s www_evans  |d Available Online  |t 0  |e QP751 .A383 2022  |h Library of Congress classification 
998 f f |a QP751 .A383 2022  |t 0  |l Available Online